00646nam a2200181 450000500170000001000150001702000260003203500140005803700130007208200080008510000250009324501070011826000440022527001330026930000250040270000170042770000200044420220223153919.0 aENG-131770 a9788195368709c352.00 aEN-115302 bDBAD/PUB a621 aKumar, M. Sreenivasa aElements of Mechanical and Electrical Engineering/cM. Sreenivasa Kumar, D. Jagadish and SK. Karimulla aHyderabadbAmaravati Publicationsc2021 a#326/C, III Floor, Surneni Nilayam Near B K Guda Park, S R NagarbHyderabade500038k011238000657mstudentshelpline.in@gmail.com axvi,384p.c24cm(pbk) aJagadish, D. aKarimullla, Sk.